| 000 | 00861nam a2200253Ia 4500 | ||
|---|---|---|---|
| 003 | OSt | ||
| 005 | 20241122105031.0 | ||
| 008 | 210716s2017 xx 000 0 und d | ||
| 020 | _a9789351197201 | ||
| 040 | _cAIMIT LIBRARY | ||
| 041 | _aeng | ||
| 082 |
_a005.74 _bDESS |
||
| 100 |
_aDeshpande, Sachin. _9185608 |
||
| 245 |
_aDistributed databases : _bincludes practicals / _cBy Sachin Deshpande. |
||
| 250 | _a1st ed. | ||
| 260 |
_aNew Delhi : _bDreamtech Press , _c2017. |
||
| 300 |
_axvi,356 p.; _bPB _c24.5 cm. |
||
| 650 |
_aConcept and overview ddb system _9185609 |
||
| 650 |
_aDistributed database design _9185610 |
||
| 650 |
_aDistributed transaction and concurrency control _9185611 |
||
| 650 |
_aDistributed deadlobk and recovery _9185612 |
||
| 650 |
_aDistributed query processing and optimization _9185613 |
||
| 942 |
_2ddc _cBK _e1 _k005.74 DESS |
||
| 999 |
_c197255 _d197255 |
||